| 000 | 00386nam a2200157Ia 4500 | ||
|---|---|---|---|
| 005 | 20250424120237.0 | ||
| 008 | 250424s9999 xx 000 0 und d | ||
| 022 | _a15988289 | ||
| 245 | 0 | _aGadzama LLP | |
| 260 | _aAbuja | ||
| 260 | _bJ-k Gadzama LLP printing press | ||
| 260 | _c2017 | ||
| 300 | _a30 p. :ill. ; 28 cm. | ||
| 650 | _aCorruption and nation’s economy | ||
| 942 | _cSR | ||
| 999 |
_c38210 _d38210 |
||